The Mellin transformation and Fuchsian type partial differential equations
Αποθηκεύτηκε σε:
| Κύριος συγγραφέας: | |
|---|---|
| Άλλοι συγγραφείς: | |
| Μορφή: | Βιβλίο |
| Γλώσσα: | English |
| Δημοσίευση: |
Dordrecht :
Kluwer Academic Publishers,
c1992
|
| Σειρά: | Mathematics and its applications. East European series ;
; 56 |
| Θέματα: | |
| Ετικέτες: |
Προσθήκη ετικέτας
Δεν υπάρχουν, Καταχωρήστε ετικέτα πρώτοι!
|
MARC
| LEADER | 00000cam a2200000 i 4500 | ||
|---|---|---|---|
| 001 | 1/43004 | ||
| 008 | 941103s1992 eng d | ||
| 020 | |a 0792316835 | ||
| 035 | |l 10041919 | ||
| 040 | |a GR-MY-UA |b gre |e aacr | ||
| 041 | 0 | |a eng | |
| 082 | 0 | |a 515.353 | |
| 100 | 1 | |a Szmydt, Zofia. | |
| 245 | 1 | 4 | |a The Mellin transformation and Fuchsian type partial differential equations / |c by Zofia Szmydt and Bogdan Ziemian |
| 246 | 3 | 3 | |a Fuchsian type partial differential equations |
| 260 | |a Dordrecht : |b Kluwer Academic Publishers, |c c1992 | ||
| 300 | |a xiv, 223 p.; |b ill.; |c 25 cm | ||
| 490 | 1 | |a Mathematics and its applications. East European series |v ; 56 | |
| 504 | |a Includes bibliographical references (p. 215-218) and index | ||
| 650 | 0 | 0 | |a Differential equations, Partial. |
| 650 | 0 | 0 | |a Mellin transform. |
| 700 | 1 | |a Ziemian, Bogdan. | |
| 830 | 0 | |a Mathematics and its applications. East European series ; |v ; 56 | |
| 852 | |a INST |b SAMOS |e 19941103 |h 515.353 SZM |p 005300007340 |q 005300007340 |t BK |y 0 | ||
| 909 | |a Σ |b 030440 | ||